000
00323 a2200145 4500
001
178596
020
_a
040
_c
Magnum
100
_a
Alunos do Magnum
240
1
0
_a
Artistas palsticos brasileiros
_l
por
245
1
0
_a
Artistas palsticos brasileiros
362
0
_a
1899
697
_a
MAGNITO: DIDATICO
942
_c
BK
999
_c
178596
_d
178596